Clara Bow - Taylor Swift (All Lyrics) - Statistics

General Stats
  • This quiz has been taken 930 times
    903 since last reset
  • The average score is 206 of 248
Answer Stats
Lyrics % Correct
Bow
100%
Clara
100%
I
100%
like
100%
look
100%
You
100%
you
100%
In
99%
in
99%
this
99%
This
99%
light,
98%
a
97%
Swift
97%
Taylor
97%
the
97%
The
97%
it
96%
it,
96%
did
95%
be
94%
to
94%
Nicks
93%
Stevie
93%
your
93%
and
92%
on
92%
is
91%
know
91%
know?
91%
never
91%
No
91%
But
90%
but
90%
dazzling
90%
she
90%
we're
90%
you're
90%
You're
90%
All
89%
all
89%
if
89%
lovin'
89%
me
89%
of
89%
remarkable
89%
town
89%
got
88%
my
88%
one
88%
thing
88%
You've
88%
die
87%
Die
87%
see
87%
small
87%
You'd
87%
I'd
86%
real
86%
edge,
85%
hair
85%
happened
85%
life,
85%
lights
85%
lips
85%
think
85%
bright,
84%
future's
84%
I'm
84%
picked
84%
rose?
84%
thought
84%
Manhattan
83%
might
83%
They
83%
they
83%
fake,
82%
not
82%
when
82%
Do
81%
made
81%
that
81%
Promise
80%
LA
79%
trying
79%
'75,
78%
at
77%
beast
76%
Beauty
76%
Crowd
74%
her
74%
It's
74%
down
73%
goes
73%
wild
73%
fingertips
72%
fresh
72%
suits
72%
air
71%
Breath
70%
exaggerate
70%
fours
70%
more
70%
roars
70%
smoke
70%
say
69%
eclipse
68%
full
68%
these
68%
everything
67%
Demanding
66%
earth
66%
wanna
66%
Half
65%
heavenly
65%
hell
65%
meet
65%
so
65%
through
65%
don't
64%
just
64%
let
63%
queen
63%
glow
62%
rings
62%
Take
62%
moonshine,
61%
give
60%
glory,
60%
crown
59%
girlish
59%
Only
59%
come
57%
flickers
55%
gently
54%
new
53%
worshipping
52%
machines
49%
God
48%
war
46%
blood
43%
stained,
42%
Them's
42%
breaks,
40%
Flesh
40%
amongst
34%
No matching quizzes found
Score Distribution
Percent of People with Each Score
Percentile by Number Answered
Your Score History
You have not taken this quiz since the last reset